Statistiques concernant De quelle nationalité sont ces chanteurs ? Carte Quiz

Cliquez ici pour prendre le quiz!

Statistiques générales

  • Ce quiz a été pris 240 fois
  • Le résultat moyen est 10 sur 20

Réponses sur la Carte

Les réponses sont colorées sur une échelle allant du rouge au vert en fonction du pourcentage des utilisateurs qui les ont devinées à leur premier essai. Vous pouvez retrouver ces pourcentages ci-dessous.
 

Statistiques - réponses

Réponse% Correct
ABBA
79%
BTS
75%
Shakira
72%
Jacques Brel
69%
Michel Teló
64%
Khaled
62%
Bob Marley
59%
Ed Sheeran
58%
Gims
58%
Charles Aznavour
55%
Demis Roussos
52%
Kaaris
43%
AC/DC
38%
Lorde
36%
Isabelle Boulay
34%
Scorpions
34%
Stephan Eicher
32%
Bob Dylan
30%
Yves Montand
28%
Akon
26%

Distribution des résultats

Percentile par nombre de réponses

% des personnes avec chaque résultat

Votre développement - résultats

Vous n’avez pas pris ce quiz